| 000 | 02298 a2200253 4500 | ||
|---|---|---|---|
| 001 | 3497 | ||
| 005 | 20260407155429.0 | ||
| 008 | 260407a2000 arg spa d | ||
| 003 | AR-UNSa-BCEJYS | ||
| 040 |
_aAR-UNSa-BCEJYS _bspa _cAR-UNSa-BCEJYS |
||
| 080 |
_a330.101.541 _xMacroeconomía |
||
| 245 | 1 | 0 |
_aMacroeconomía _pteoría y política económica con aplicaciones a América Latina |
| 020 | _a978-987-97892-4-7 | ||
| 264 | 1 |
_aBuenos Aires : _bPearson Educación _c2000 |
|
| 300 |
_axix, 726 p. _c25 cm. |
||
| 505 | _a1. Una gira por el mundo - 2. Una gira por el libro - 3. El mercado de bienes - 4. El mercado de bienes:Dinámica - 5. Los mercados financieros - 6. Los mercados de bienes y Financieros: El modelo IS-LM - 7. Las Expectativas: Los instrumentos básicos - 8. Las Expectativas, el consumo y la inversión - 9. Los mercados financieros y las expectativas - 10. Las expectativas, la política macroeconómica y la producción - 11. La apertura de los mercados de bienes y financieros - 12. El mercado de bienes en una economía abierta - 13. La producción y el tipo de interés y el tipo de cambio - 14. Las expectativas, las variaciones de los tipos de cambio y las crisis de tipos de cambio - 15. El mercado de trabajo - 16. Análisis conjunto de todos los mercados - 17. La curva de Phillips - 18. La Inflación, la desinflación y el desempleo - 19. La inflación, los tipos de interés y los tipos de cambio - 20. Patología I: Un elevado desempeño - 21. Patología II: Una inflación elevada - 22. Los hechos del crecimiento - 23. El ahorro, la acumulación de capital y la producción - 24. El progreso tecnológico y el crecimiento - 25. El progreso tecnológico, el desempleo y los salarios - 26. Algunos tópicos sobre el creciemiento y el desarrollo - 27. La convertibilidad y el patrón oro.Teorías, aplicaciones y debates - 28. La política monetaria:Recapitulación - 29.El sector público y la política fiscal - 30. La historia de la Macroeconomía. | ||
| 041 | _aspa | ||
| 942 | _cBK | ||
| 590 | _aniveau_biblio:m niveau_hierar:0 | ||
| 100 | 1 | _aBlanchard, Olivier | |
| 700 | 1 | _aPérez Enrri, Daniel | |
| 700 | 1 | _aRabasco, María Esther | |
| 856 | 4 | 1 |
_uhttps://biblioeco.unsa.edu.ar/pmb/images/libros/Macroeconomia2-l86574.jpg _yImagen de portada _qimage/jpeg |
| 999 |
_c336 _d336 |
||